000 00850nam a22002897a 4500
003 dpl
005 20240726120011.0
008 240305b |||||||| |||| 00| 0 eng d
010 _aENG-141027 ENG-141027
020 _c1580.00
_a978939491567-1
035 _aEN-124559
035 _aEN-124559
035 _aEN-124559
037 _bDBAD
040 _c.
082 _a327.54
100 _aMahawar Kapoor Nutan And Bhattacharjee Dhrupajyoti
_962808
245 _aAir Power And The Stategic Balance /
_bThe Indian Ocean And Bay Of Bengal
260 _aNew Delhi
_bKW Publishers
_c2023
270 _a4676/ 21 First Floor Ansari Road Daryaganj
_bNew Delhi
_e110002
300 _a320Pages
_c24cm,(hb)
700 _962809
700 _962810
700 _962811
700 _962818
942 _2ddc
_cEN
_h358.4
_mCHO
999 _c204484
_d204484